Autentické texty vo vyučovaní cudzích jazykov
V rámci výučby a štúdia cudzích jazykov zohrávajú významnú úlohu učebné materiály s aktuálnymi a autentickými textami. Bez poznania kultúry cieľovej oblasti je komunikatívna kompetencia v cudzom jazyku nedokonalá.
Salvato in:
| Autore principale: | |
|---|---|
| Natura: | Capitolo di libro |
| Lingua: | slovacco |
| Soggetti: | |
| Tags: |
Nessun Tag, puoi essere il primo ad aggiungerne!!
|
MARC
| LEADER | 00000nla$a2200000$$$4500 | ||
|---|---|---|---|
| 001 | 0102654 | ||
| 005 | 20240502072120.2 | ||
| 041 | 0 | |a slo | |
| 044 | |a SK | ||
| 245 | 1 | 0 | |a Autentické texty vo vyučovaní cudzích jazykov |c Ingrid Kunovská |
| 520 | |a V rámci výučby a štúdia cudzích jazykov zohrávajú významnú úlohu učebné materiály s aktuálnymi a autentickými textami. Bez poznania kultúry cieľovej oblasti je komunikatívna kompetencia v cudzom jazyku nedokonalá. | ||
| 610 | 2 | 0 | |a jazyky cudzie |
| 610 | 2 | 0 | |a vyučovanie |
| 610 | 2 | 0 | |a kultúra |
| 610 | 2 | 0 | |a učebnice |
| 610 | 2 | 0 | |a didaktika |
| 610 | 2 | 0 | |a komunikácia |
| 100 | 1 | |a Kunovská, Ingrid, 1976- | |